000 02592nam a2200193 a 4500
003 AM-YEHGA
005 20260413143736.0
008 260212s1908 tu ||||r|||| 00||0 arm d
040 _aAM-YEHGA
041 0 _aarm
245 0 0 _aԾրագիր Հնչակեան կուսակցութեան :
_b(Տաճկաստանի համար).
260 _aԿ․ Պօլիս :
_bԱ․հ․,
_c1908․
300 _a(12 գիրք մեկ կազմի մեջ ) ; 14 էջ
440 0 _aՀրատարակութիւն Հնչակեան կուսակցութեան ;
_n№ 18
500 _aԱլիգ 3
501 _aՄեկ կազմի մեջ՝ Ծրագիր սօսիալ դէմօքրաթ Հնչակեան կուսակցութեան : (Տաճկաստանի համար) / Կ. Պօլիս: Ա. հ.։ 1910։ - Ալիգ 1 ; Հողատիրական հարցեր / Ս․Ս․ Գ․։ Կ․ Պօլիս։ Ա․ հ․։ 1909։ - Ալիգ 2 ; Կազմական կանոնագիր Հնչակեան կուսակցութեան ։ Տաճկաստանի մասնաճիւղերու / Կ․ Պոլիս։ Ա․հ․։ 1908։ - Ալիգ 4 ; Հերդեր եւ իր քաղաքական հայեացքները / Ս. Սապահ-Գիւլեան։ Կ. Պոլիս: տպ. Տ. Տօղրամաճեան։ 1909։ - Ալիգ 5 ; Բռնութեան դէմ : Գաղատիայի դատավարութիւն / Թորոս։ Աթէնք: տպ. Հնչակի։ 1894։ - Ալիգ 6 ; Իրաւունք ծուլանալու ։ Հերքում 1848-ի «Աշխատելու օրէնքին» / Պօլ Լաֆարգ։ Աթէնք: Հայկական ազատ տպարան։ 1893։ - Ալիգ 7 ; Սահմանադրութեան էութեան մասին / Ֆ. Լասսալ։ Աթէնք: Հայկական ազատ տպարան։ 1893։ - Ալիգ 8 ; Հայերն Ամերիկայում / Ակն-եանց։ Աթէնք: տպ. Հայկական ազատ: 1893։ - Ալիգ 9 ; Ով ինչով է ապրում / Ս. Դիկշտէյն։ Լօնդօն: տպ. Հայկական ազատ։ 1891։ - Ալիգ 10 ; Գարիբալդի : Իր կեանքի պատմութիւնը : Համաձայն վաւերական վկայութիւնների եւ անտիպ յիշողութիւնների / Լօնդօն: տպ. Հնչակի։ 1895։ - Ալիգ 11 ; ممالک عثمانیه سوسیال ده موقرات هنچاقیان جمعیتی نظامنامۀ اساسیسی (Programme) / سعادت: S.n.: 1907 [1325 ه. ق]: - Ալիգ 12
650 1 4 _aԿուսակցություններ
_xՍոցիալ դեմոկրատ հնչակյան կուսակցություն
_xԾրագիր
942 _2udc
_cBK
_n0
999 _c540640
_d540640